00479 a2200181 450000100060000002000060000604000220001210000210003424000360005524500310009130000060012236200090012844000230013765000240016094200070018495200890019199900170028054508 a  cAnchieta - Pituba aCUNHA, Iane Dias10a2ª História, II unidadelpor10a2ª História, II unidade a50 a2016 1aColégio Anchieta 4aHistória do mundo cBK 00104070a91.1b91.1d2023-11-21l0p3881/PITr2023-11-21 18:22:15w2023-11-21yBK c54508d54508